| 000 | 01123cam a2200361 i 4500 | ||
|---|---|---|---|
| 001 | 0000464 | ||
| 003 | DO-SdBNP | ||
| 005 | 20221107122837.0 | ||
| 007 | 0000464 | ||
| 008 | 100514s 2009 sp a | |||| 000 f spa | ||
| 015 | _a | ||
| 017 |
_a _b |
||
| 020 | _a9788466777629 | ||
| 035 | _a | ||
| 040 |
_aBPMSU _bspa _cBPMSU _e |
||
| 080 | _a | ||
| 082 |
_a828.9943 _bS425i 2009 _222 |
||
| 100 | 1 |
_aScott, Walter _d1771-1832 |
|
| 245 | 1 | 0 |
_aIvanhoe / _cWalter Scott ; adaptación Lourdes Íñiguez Barrena ; ilustraciones Raúl Allén |
| 260 |
_aMadrid: _bGrupo Anaya, _c2009. |
||
| 300 |
_a166 p. : _bil.; _c25 cm |
||
| 490 | 0 | _aClásicos a medida | |
| 500 | _aIncluye datos biográficos del autor. | ||
| 500 | _aIncluye referencias bibliográficas y notas al pie de las páginas | ||
| 521 | _aPara jóvenes a partir de los 10 años. | ||
| 590 | _6Inventariado, 2022/VM | ||
| 650 | 4 | _aNovela escocesa | | |
| 651 | 4 |
_aEscocia _xHistoria _vNovela |
|
| 700 | 1 |
_aÍñiguez Barrena, Lourdes _eadaptación |
|
| 700 | 1 |
_aAllén, Raúl _eil. |
|
| 910 | _aYLOCKWARD/ VMateo V./Validado | ||
| 942 |
_2ddc _cBK |
||
| 999 |
_c10645 _d10645 |
||